| 000 | 00798nam a2200289Ia 4500 | ||
|---|---|---|---|
| 001 | 88709 | ||
| 003 | IT-RoPAU | ||
| 008 | 130308s9999 xx 000 0 und d | ||
| 040 | _aIT-RoPAU | ||
| 040 | _cIT-RoPAU | ||
| 041 | _aFRANCESE | ||
| 100 | _aMorin Edgar | ||
| 100 | _gCodice Aut. SPICS: 3555 | ||
| 245 | _aMessie, mais non | ||
| 245 | _bArguments pour Une Methode (Autour D'Edgar Morin) | ||
| 250 | _a1a ed. | ||
| 260 | _aPARIS | ||
| 260 | _bSeuil | ||
| 260 | _c1990 [1° Ed.:1990 - Ed.Ling.Originale:1986] | ||
| 300 | _a"15 p. (prefazione: no ; testo: 15 [pagine: 254-268])" | ||
| 500 | _aParola Metodo Metodo della Complessita' | ||
| 650 | _aSOCIOLOGIA DELLA COMUNICAZIONE SOCIALE | ||
| 650 | _eCodice materia Spics: 3806 | ||
| 942 | _cBK | ||
| 957 | _71 | ||
| 999 |
_c80361 _d80361 |
||
| 999 | _g1 | ||